Cent anys fent Escola del Mar : 1922-2022 / 1922-2022 /
ISBN:
9788419326478
Descripción Física:
297 pàgines : il·lustracions ; 24 cm
Colección:
Documents del Memorial Democràtic
; 11
Materias:
Vergés, Pere, -- 1896-1970
; Escola del Mar (Barcelona, Catalunya) -- Història.
; Escola del Mar (Barcelona, Catalunya)
; Escoles públiques -- Catalunya -- Barcelona -- Història.
; Moviments de renovació pedagògica -- Catalunya -- Barcelona -- Història.
; Història
; Escoles públiques
; Catalunya
Idioma:
Catalán
MARC
| LEADER | 00000nam a22000008i 4500 | ||
|---|---|---|---|
| 001 | 26900 | ||
| 003 | Arxiu | ||
| 005 | 20260324181144.0 | ||
| 008 | 220915e202209 spcaoc|f b||||000|0dcat| | | ||
| 017 | |a DL B.18652-2022 | ||
| 020 | |a 9788419326478 | ||
| 040 | |a ES-BaBC |b cat |e rda |c ES-BaBC | ||
| 043 | |a e-sp--- |b e-spcba |2 catmarc | ||
| 080 | |a 37Vergés, Pere |2 2004 | ||
| 080 | |a 37.057 |x (460.23 Ba Barcelona) |x "19/20" |2 2004 | ||
| 245 | 0 | 0 | |a Cent anys fent Escola del Mar : |b 1922-2022 / |c Jordi Garcia i Farrero (dir.) i Josep Lluís Martín i Berbois (ed.) |
| 264 | 1 | |a Barcelona : |b Memorial Democràtic, |c setembre 2022 | |
| 300 | |a 297 pàgines : |b il·lustracions ; |c 24 cm | ||
| 336 | |a text |b txt |2 rdacontent | ||
| 337 | |a sense mediació |b n |2 rdamedia | ||
| 338 | |a volum |b nc |2 rdacarrier | ||
| 490 | 1 | |a Documents del Memorial Democràtic ; |v 11 | |
| 504 | |a Bibliografia | ||
| 600 | 1 | 7 | |a Vergés, Pere, |d 1896-1970 |2 lemac |
| 600 | 1 | 7 | |a Vergés, Pere, |d 1896-1970 |2 cantic |
| 610 | 2 | 7 | |a Escola del Mar (Barcelona, Catalunya) |x Història. |2 lemac |
| 610 | 2 | 7 | |a Escola del Mar (Barcelona, Catalunya) |2 cantic |
| 650 | 7 | |a Escoles públiques |z Catalunya |z Barcelona |x Història. |2 lemac | |
| 650 | 7 | |a Moviments de renovació pedagògica |z Catalunya |z Barcelona |x Història. |2 lemac | |
| 650 | 7 | |a Història |2 thub |9 34449 | |
| 650 | 7 | |a Escoles públiques |2 thub |9 64882 | |
| 651 | 7 | |a Catalunya |2 thub |9 51009 | |
| 700 | 1 | |a García Farrero, Jordi, |e editor literari | |
| 700 | 1 | |a Martín i Berbois, Josep Lluís, |e editor literari |9 53896 | |
| 710 | 2 | |a Memorial Democràtic (Catalunya) |9 52410 | |
| 830 | 0 | |a Documents del Memorial Democràtic ; |v 11 |9 53939 | |
| 908 | |a CHCC |a UB |a URV |a BMON |a UPF |a ANC |a CLR | ||
| 940 | |a BC | ||
| 942 | |2 udc |c ARXIU |n 1 | ||
| 952 | |0 0 |1 0 |2 udc |4 0 |6 BIB1009 |7 0 |9 64188 |a Arxiu |b Arxiu |d 2022-11-14 |l 0 |o Bib-1009 |p 26900 |r 2022-11-14 00:00:00 |w 2022-11-14 |y ARXIU | ||
| 999 | |c 82741 |d 82741 | ||